000 01247nam a2200313 a 4500
999 _c133917
_d133917
003 BLK
005 20241114005503.0
008 180409b bul|||||r ||||||| ||bul||
010 _aKNG00139820000
040 _aBLK
041 _aBUL
_cBUL
080 _aБългарска литература
_b821.163.2
_x-93-1
_z821.163.2-93-1
100 _aГабе, Дора Петрова
_gПоетеса и писателка. Преводачка от полски език.
_d1886-1983
_qГабе, Изидора Петрова
_9369524
139 _aГабе, Дора Петрова
_bГ 13
245 1 0 _aЗа всички дечица
_bИзбрани поеми
_cДора Габе; худож. Мана Стоянова Парпулова.
257 _aBGR
260 _bБълг. писател
_c1969
_aСофия
300 _a59 с.
_bс ил.
_c35 см
380 _aDX
500 _a12 100 тир.
700 1 _aПарпулова, Мана Стоянова
_eхудож.
_9367454
852 _aЦб ІІ 17459
856 4 _qpdf
856 4 _qpdf
942 _cKNG
_n0
_s1
944 _aCR
_c20.02.2013
_lCRON CRON
_k
944 _aED
_c14.09.2017
_l20.02.2013 - от С1,Р / 20.02.2013
_kЕлица_Владова
999 _d133917